|
|
|
|
| LEADER |
03187nam a22005535i 4500 |
| 001 |
978-3-642-27884-6 |
| 003 |
DE-He213 |
| 005 |
20151204155104.0 |
| 007 |
cr nn 008mamaa |
| 008 |
130328s2013 gw | s |||| 0|eng d |
| 020 |
|
|
|a 9783642278846
|9 978-3-642-27884-6
|
| 024 |
7 |
|
|a 10.1007/978-3-642-27884-6
|2 doi
|
| 040 |
|
|
|d GrThAP
|
| 050 |
|
4 |
|a R895-920
|
| 072 |
|
7 |
|a MMPH
|2 bicssc
|
| 072 |
|
7 |
|a MMP
|2 bicssc
|
| 072 |
|
7 |
|a MED008000
|2 bisacsh
|
| 082 |
0 |
4 |
|a 616.0757
|2 23
|
| 245 |
1 |
0 |
|a Osteoporosis and Bone Densitometry Measurements
|h [electronic resource] /
|c edited by Giuseppe Guglielmi.
|
| 264 |
|
1 |
|a Berlin, Heidelberg :
|b Springer Berlin Heidelberg :
|b Imprint: Springer,
|c 2013.
|
| 300 |
|
|
|a X, 198 p.
|b online resource.
|
| 336 |
|
|
|a text
|b txt
|2 rdacontent
|
| 337 |
|
|
|a computer
|b c
|2 rdamedia
|
| 338 |
|
|
|a online resource
|b cr
|2 rdacarrier
|
| 347 |
|
|
|a text file
|b PDF
|2 rda
|
| 490 |
1 |
|
|a Medical Radiology,
|x 0942-5373
|
| 505 |
0 |
|
|a Osteoporosis: Epidemiology -- Radiographs in Osteoporosis -- Insufficiency Fractures -- Identification of Vertebral Fractures -- Benign vertebral fracture: acute vs. chronic -- Malignant vertebral fracture: acute vs. chronic -- The use of FRAX in the evaluation of patients with osteoporosis -- Axial and Peripheral DXA -- Axial and Peripheral QCT -- Quantitative US and fracture risk -- High Resolution Imaging -- Pediatric Bone Densitometry -- Kyphoplasty and Vertebroplasty in Osteoporosis -- Quality assurance and Dosimetry in Bone Densitometry.
|
| 520 |
|
|
|a Osteoporosis is a serious problem worldwide, and its significance is continuing to increase as the world population grows and ages. Osteoporosis and Bone Densitometry Measurements provides a comprehensive review of the latest research on this potentially devastating condition. The book encompasses prevention, diagnosis, and therapy, providing state of the art information on each aspect. A wide range of topics are discussed, including differentiation between acute and chronic, benign and malignant vertebral fractures; the value of the WHO FRAX tool in patient evaluation; the roles of dual-energy X-ray absorptiometry, quantitative computed tomography, quantitative ultrasound, and high-resolution imaging; and the use of kyphoplasty and vertebroplasty to treat vertebral compression fractures. All chapters are written by acknowledged experts in the field.
|
| 650 |
|
0 |
|a Medicine.
|
| 650 |
|
0 |
|a Radiology.
|
| 650 |
|
0 |
|a Interventional radiology.
|
| 650 |
|
0 |
|a Endocrinology.
|
| 650 |
|
0 |
|a Metabolic diseases.
|
| 650 |
|
0 |
|a Geriatrics.
|
| 650 |
1 |
4 |
|a Medicine & Public Health.
|
| 650 |
2 |
4 |
|a Imaging / Radiology.
|
| 650 |
2 |
4 |
|a Geriatrics/Gerontology.
|
| 650 |
2 |
4 |
|a Diagnostic Radiology.
|
| 650 |
2 |
4 |
|a Interventional Radiology.
|
| 650 |
2 |
4 |
|a Endocrinology.
|
| 650 |
2 |
4 |
|a Metabolic Diseases.
|
| 700 |
1 |
|
|a Guglielmi, Giuseppe.
|e editor.
|
| 710 |
2 |
|
|a SpringerLink (Online service)
|
| 773 |
0 |
|
|t Springer eBooks
|
| 776 |
0 |
8 |
|i Printed edition:
|z 9783642278839
|
| 830 |
|
0 |
|a Medical Radiology,
|x 0942-5373
|
| 856 |
4 |
0 |
|u http://dx.doi.org/10.1007/978-3-642-27884-6
|z Full Text via HEAL-Link
|
| 912 |
|
|
|a ZDB-2-SME
|
| 950 |
|
|
|a Medicine (Springer-11650)
|